000 00424nam a2200169Ia 4500
008 230711s9999||||xx |||||||||||||| ||und||
020 _a978-1-138-62844-1
041 _aENG
082 _a696
_bCH-B
100 _aChadderton, David V
245 0 _aBuilding Services Engineering
250 _a6th Ed.
260 _c2013
_aLondon
_bRoutledge Taylor & Franic Group
300 _a386p.
650 _aArchitecture
942 _cBK
999 _c7018
_d7018